000 00316nam a22001217a 4500
008 160526b xxu||||| |||| 00| 0 eng d
020 _a0195022149
020 _a0195022157
041 _aeng
080 _a615
245 _aPsychoparmacology:
_cJack D. Barchas, Philip A. Berger, Roland D. Ciaranello
942 _2udc
_cBK
999 _c2426
_d2426